000 00586nam a2200229Ia 4500
003 OSt
005 20220918180820.0
006 a|||||r|||| 00| 0
007 ta
008 220917b |||||||| |||| 00| 0 eng d
024 _a24,301
037 _cTextual
040 _aARTS
_cARTS
_beng
041 _2eng
_aeng
082 _aO:u3:L8, F8.1-2
100 _aEston Oliver
_957191
245 0 _aSurvey of English literature 1730-1780
260 _c1928
650 _aENGLISH LITERATURE
942 _hO:u3:L8, F8.1-2
_cTEXL
_2CC
999 _c163273
_d163273